000 01501nam0a22002531 4500
001 rc\962854
005 20041129100535.9
035 _a(NLR Aleph) 006132428
090 _a5575746
_c5575746
100 _a20041129d1982 u |0rusy50 ca
101 0 _arus
102 _aRU
105 _ay |||||||||
200 1 _aТеоретико-методологические проблемы общественного развития
_e[Сборник]
_fЦентр. совет филос. (методол.) семинаров при Президиуме АН СССР и др.
_g[Редкол.: Ю.К. Плетников (отв. ред.) и др.]
210 _aМ.
_cБ. и.
_d1982
215 _a[2], 21 с.
_d20
300 _aВ надзаг. также: Моск. гор. совет филос. (методол.) семинаров Дома полит. просвещения МК и МГК КПСС, Науч. совет АН СССР по комплекс. пробл. "Экон. закономерности развития социализма и соревнования двух систем", АН ССР, Ин-т философии
702 1 _aПлетников
_bЮ. К.
_gЮрий Константинович
_4340
712 0 2 _aАН СССР
_bЦентральный совет философских (методологических) семинаров
_3RU\NLR\AUTH\8811554
801 0 _aRU
_bNLR
_gpsbo
801 1 _aRU
_bELAR
_2rusmarc
852 _aNLR
_j82-4/25149
942 _cBOOK
980 _aNB